| 000 | 00605nam a2200205Ia 4500 | ||
|---|---|---|---|
| 003 | OSt | ||
| 005 | 20230724143928.0 | ||
| 008 | 210716s1999 xx 000 0 und d | ||
| 040 | _cAIMIT LIBRARY | ||
| 041 | _aeng | ||
| 082 |
_a004.81 _21 _bUPTE |
||
| 245 |
_aO level programme module III : _bbusiness systems / |
||
| 250 | _a1 | ||
| 260 |
_aLucknow : _bUptec Computer Consultancy Ltd , _c1999. |
||
| 300 |
_axxiii,347p. ; _bPB _c27 cm. |
||
| 650 |
_aBusiness data processing _9128247 |
||
| 650 |
_aFoxpro _9128248 |
||
| 650 |
_aBusiness applications _9128249 |
||
| 942 |
_2ddc _cBK _e1st ed. _k004.81 UPTE |
||
| 999 |
_c183886 _d183886 |
||